Odlišnosti nárok na peňažné dávky v chorobe a materstve v Maďarskej republike

Podrobná bibliografia
Hlavný autor: Kupkovičová, Simona (Autor)
Médium: Článok
Jazyk:slovenčina
ISSN:1335-4795
Predmet:

MARC

LEADER 00000nab a2200000 ar4500
001 vtls009142653
003 SK-MaSNL
005 20260426095246.0
008 070921c2007 xo mr|p|||||||000 b|slo
015 |a SNBRB2007/09  |2 snkbucl 
038 |a SNKBUCL 
040 |a SNKBUCL  |b slo  |c SNKBUCL  |e AACR2 
041 0 |a slo 
044 |a xo  |c SK 
080 |a 364.32-644  |x (437.6:439)  |2 2001 
100 1 |a Kupkovičová, Simona  |4 aut  |9 1132053 
245 1 0 |a Odlišnosti  |b nárok na peňažné dávky v chorobe a materstve v Maďarskej republike  |c Simona Kupkovičová 
650 0 7 |a peňažné dávky v chorobe a materstve  |2 snkbucl  |9 870522 
650 0 7 |a rezidenti  |2 snkbucl  |9 59079 
651 7 |a Slovensko  |2 snkbucl  |9 14231 
651 7 |a Maďarsko  |2 snkbucl  |9 16754 
773 0 |t Národné poistenie  |g Roč. XXXIX, č. 7 (2007), s. 18  |x 1335-4795 
852 |a SNK  |b KIS3GCP 
958 |a SK 
958 |a HU 
999 |c 3160753  |d 3162683